000 00541nam a2200169Ia 4500
020 _a0078228824 (teacher's wraparound ed.)
040 _cUUW
082 _a516 GLE 2001 A008 Or.
245 0 0 _aGlencoe geometry :
_bintegration, applications, connections /
246 3 0 _aGeometry, integration, applications, connections
260 _aNew York :
_bGlencoe/McGraw-Hill,
_cc2001
300 _axviii, 910 p. :
_bcol. ill. ;
_c29 cm. +
_e1 teacher's ed
500 _aIncludes index
650 0 _aGeometry
700 1 _aBoyd, Cindy J
942 _cEK
999 _c17125
_d17125